[Event "TUR-chT Clubs"]
[Site "Konya"]
[Date "2019.07.20"]
[Round "8.19"]
[White "Dulger, Hatice Gulsum"]
[Black "Yazici, Betul"]
[Result "0-1"]
[WhiteElo "1736"]
[BlackElo "1267"]
[PlyCount "76"]
[EventDate "2019.07.16"]
[EventType "team-swiss"]
[EventRounds "9"]
[EventCountry "TUR"]
[SourceTitle "CBM 191 Extra"]
[Source "ChessBase"]
[SourceDate "2019.09.30"]
[SourceVersion "1"]
[SourceVersionDate "2019.09.30"]
[SourceQuality "1"]
[WhiteTeam "Gambit Dernegi"]
[BlackTeam "Tokat Ozgem Grup"]
[WhiteTeamCountry "TUR"]
[BlackTeamCountry "TUR"]

1. c4 e5 2. Nc3 Nf6 3. g3 d5 4. b3 Be6 5. Bg2 c6 6. d3 Bb4 7. Bd2 Qa5 8. Rc1 d4 9. Nb1 Bxd2+ 10. Nxd2 Qxa2 11. Ra1 Qb2 12. e4 dxe3 13. fxe3 Qc3 14. Ne2 Qxd3 15. e4 Bg4 16. Bf1 Nxe4 17. Nxe4 Qxe4 18. Rg1 Qe3 19. Rg2 0-0 20. Qc2 Rd8 21. Rd1 Rxd1+ 22. Qxd1 Nd7 23. b4 Nf6 24. Qd2 Qxd2+ 25. Kxd2 Rd8+ 26. Ke1 e4 27. Kf2 Rd2 28. Kg1 e3 29. Nc3 h6 30. Be2 Bh3 31. Nb1 Rb2 32. Nc3 Bxg2 33. Kxg2 Rc2 34. Nd1 Rxe2+ 35. Kf3 Rxh2 36. Nxe3 Rb2 37. b5 cxb5 38. cxb5 Rxb5 0-1

[Event "TUR-ch (Women)"]
[Site "Antalya"]
[Date "2018.03.06"]
[Round "3"]
[White "Dulger, Hatice Gulsum"]
[Black "Ince, Fatma Ovgum"]
[Result "0-1"]
[WhiteElo "1093"]
[BlackElo "1060"]
[PlyCount "70"]
[EventDate "2018.03.05"]
[EventType "swiss"]
[EventRounds "9"]
[EventCountry "TUR"]
[SourceTitle "CBM 183 Extra"]
[Source "ChessBase"]
[SourceDate "2018.04.19"]
[SourceVersion "1"]
[SourceVersionDate "2018.04.19"]
[SourceQuality "1"]

1. c4 e6 2. Nc3 Nf6 3. Nf3 d5 4. b3 Be7 5. g3 0-0 6. Bg2 Nbd7 7. 0-0 c5 8. e3 Nb6 9. Qe2 d4 10. exd4 cxd4 11. Ne4 Re8 12. d3 Nxe4 13. Qxe4 Bf6 14. Qe1 e5 15. Qd2 Bf5 16. Re1 e4 17. dxe4 Rxe4 18. Bb2 Rxe1+ 19. Rxe1 d3 20. Bxf6 Qxf6 21. Qe3 h6 22. h3 Qb2 23. Rd1 Qxa2 24. Ne5 Qxb3 25. Nxd3 Qxd1+ 26. Kh2 Bxd3 27. g4 Nxc4 28. Qd4 Be2 29. Qe4 Nd6 30. Qf4 Rc8 31. Qg3 Rc1 32. Qf4 Qg1+ 33. Kg3 Rc3+ 34. Kh4 g5+ 35. Kh5 gxf4 0-1